000 00648nam a22002297a 4500
005 20180512161850.0
008 180512b xxu||||| |||| 00| 0 eng d
020 _a0198075456
_cRs.225.00
040 _aLoreto College
041 _aEnglish
082 _a332.0424
_bSIK
100 _aSikdar,Soumyen
245 _aCapital flows and exchange rate management
_cSoumyen Sikdar
260 _aNew Delhi
_bOxford University Press
_c2013
300 _axiv,133p
_b22cm
440 _aOxford India short introductions
504 _aIncludes index
650 _aCapital movements
650 _aForeign exchange rates
850 _aLCLIB
942 _cBK
999 _c41559
_d92038